000 01166nam a2200337 i 4500
003 DO-SdBNP
005 20260319111947.0
007 ta
008 260319b2002 dr a|||| |||| 00| 0 spa d
020 _a097003220X
040 _aDO-SdBNP
_bspa
_cBNPHU
_erda
041 _aspa
049 _aBNPD
082 4 _aRD863.22
_bU75f
_222
100 1 _aUreña Rib, Fernando,
_d1951-
_eautor
_4aut.
_930237
245 1 0 _aFábulas urbanas /
_cFernando Ureña Rib ; corrección, Pedro Ureña Rib, Yolanda Ramírez de Sánchez
264 4 _aSanto Domingo :
_bEditora Cole,
_c©2002.
300 _a267 páginas :
_bilustraciones ;
_c22 cm.
336 _atexto
_btxt
_2rdacontent
337 _asin mediación
_bn
_2rdamedia
338 _avolumen
_bnc
_2rdacarrier
500 _aIncluye datos biográficos del autor en al solapa de la cubierta
590 _aInventariado, 2026/BT
650 4 _aFábulas dominicanas
_97204
650 4 _aCuentos dominicanos
_9176
650 4 _aLiteratura dominicana.
_967
700 1 _aUrña Rib, Pedro,
_ecorrector
_4corr.
_989247
700 1 _aRamírez Sánchez, Yolanda de,
_ecorrector
_4corr.
_989248
910 _aBtavárez
942 _2ddc
_cLBS1
999 _c60517
_d60517